| 000 | 01106cam a2200325 4500 | ||
|---|---|---|---|
| 008 | 000000n2003 000 0 eng u | ||
| 020 | _a0852724608 | ||
| 035 | _a(Sirsi) u122928 | ||
| 041 | _aeng | ||
| 050 |
_a338.20212 _c18 |
||
| 110 |
_aBritish Geological Survey _91581 |
||
| 245 |
_aUnited Kingdom minerals yearbook 2002 _bstatistical data to 2001 |
||
| 260 |
_aKeyworth _bBritish Geological Survey _c2003 |
||
| 300 |
_avi, 105p. _c30cm. |
||
| 350 | _a44 | ||
| 520 | _aThis annual publication provides comprehensive statistical data on minerals production, consumption and trade to 2001, estimates of production for major mineral commodities in 2002 and a commentary on the UK's minerals industry during 2002. | ||
| 650 | _aMINERALS STATISTICS | ||
| 650 | _aCONSTRUCTION MINERALS | ||
| 650 | _aAGGREGATES | ||
| 650 | _aSTATISTICS | ||
| 690 | _aMINING AND MINERALS | ||
| 700 | _aChapman, G. R. | ||
| 700 | _aHillier, J. A. | ||
| 700 | _aGatliff, R. W. | ||
| 700 | _aHighley, D. E. | ||
| 700 | _aWhite, R. | ||
| 700 | _aLinley, K. A. | ||
| 700 | _aColman, T. B. | ||
| 942 | _n0 | ||
| 999 |
_c102956 _d102956 |
||